Normal view
MARC view
Entry Meeting Name
001 - CONTROL NUMBER
- control field: 16243
003 - CONTROL NUMBER IDENTIFIER
- control field: OSt
005 - DATE AND TIME OF LATEST TRANSACTION
- control field: 20211105134022.0
008 - FIXED-LENGTH DATA ELEMENTS
- fixed length control field: 211105|| aca||aabn | a|a d
040 ## - CATALOGING SOURCE
- Original cataloging agency: OSt
- Transcribing agency: OSt
111 ## - HEADING--MEETING NAME
- Meeting name or jurisdiction name as entry element: Workshop of Max-Planck-Gesellschaft and the Academic Sinica on High Energy Astrophysics, Supernovae, Remnants, Active Galaxies, Cosmology
- Location of meeting: Tegernsee, Germany
- Date of meeting or treaty signing: 1987 July 12-17
670 ## - SOURCE DATA FOUND
- Source citation: Work cat.: (OSt): Workshop of Max-Planck-Gesellschaft and the Academic Sinica on High Energy Astrophysics, Supernovae, Remnants, Active Galaxies, Cosmology Tegernsee, Germany 1987 July 12-17, High energy astrophysics, 1988